Sports Quiz

Random Sports Quiz

Caley top scorers Quiz Stats

 Plays Quiz not verified by Sporcle

Challenge
Share
Tweet
Embed
Score 0/25 Timer 10:00
0 Plays Today
Number of Goals Name % Correct
48Dennis Wyness
79.6%
45Barry Wilson
71.7%
54Adam Rooney
69%
26Ross Tokely
68.1%
29Richie Foran
64.6%
16Grant Munro
64.6%
32Craig Dargo
60.2%
24Charlie Christie
56.6%
12Craig Brewster
56.6%
56Iain Stewart
53.1%
43Paul Ritchie
50.4%
23Jonny Hayes
48.7%
10Russell Duncan
47.8%
Number of Goals Name % Correct
10Marius Niculae
46.9%
20Graham Bayne
43.4%
13Barry Robson
43.4%
16Richie Hart
42.5%
17David Bingham
41.6%
14Roy McBain
37.2%
16Steven Hislop
35.4%
12Don Cowie
35.4%
10Dougie Imrie
24.8%
11Eric Odhiambo
22.1%
23Alan Hercher
18.6%
21Brian Thomson
17.7%

You're not logged in!

Compare scores with friends on all Sporcle quizzes.
OR
Log In

You Might Also Like...

Show Comments

Extras

Created Feb 24, 2012ReportNominate
Tags:Scottish Football, SPL Clubs

Top Quizzes Today


Score Distribution

Your Account Isn't Verified!

In order to create a playlist on Sporcle, you need to verify the email address you used during registration. Go to your Sporcle Settings to finish the process.

Report this User

Report this user for behavior that violates our Community Guidelines.

Details: